Municipis catalans que començen per "Sant" o "Santa" - Statistics

General Stats
  • This quiz has been taken 14 times
  • The average score is 82 of 109
Answer Stats
Comarca Municipio % Correct
Baix Llobregat Santa {Coloma} de Cervelló
100%
Selva Santa {Coloma} de Farners
100%
Barcelonès Santa {Coloma} de Gramenet
100%
Conca de Barberà Santa {Coloma} de Queralt
100%
Alt Penedès Santa {Fe} del Penedès
100%
Osona Santa {Maria} de Besora
100%
Vallès Oriental Santa {Maria} de Martorelles
100%
Berguedà Santa {Maria} de Merlès
100%
Anoia Santa {Maria} de Miralles
100%
Vallès Oriental Santa {Maria} de Palautordera
100%
Moianès Santa {Maria} d'Oló
100%
Ripollès Sant {Joan} de les Abadesses
100%
Gironès Sant {Joan} de Mollet
100%
Baix Llobregat Sant {Joan} Despí
100%
Bages Sant {Joan} de Vilatorrada
100%
Garrotxa Sant {Joan} les Fonts
100%
Garraf Sant {Pere} de Ribes
100%
Alt Penedès Sant {Pere} de Riudebitlles
100%
Osona Sant {Pere} de Torelló
100%
Vallès Oriental Sant {Pere} de Vilamajor
100%
Alt Empordà Sant {Pere} Pescador
100%
Anoia Sant {Pere} Sallavinera
100%
Osona Santa {Eulàlia} de Riuprimer
89%
Vallès Oriental Santa {Eulàlia} de Ronçana
89%
Baix Llobregat Sant {Andreu} de la Barca
89%
Maresme Sant {Andreu} de Llavaneres
89%
Gironès Sant {Andreu} Salou
89%
Garrotxa Santa {Pau}
89%
Maresme Santa {Susanna}
89%
Baix Llobregat Sant {Boi} de Llobregat
89%
Osona Sant {Boi} de Lluçanès
89%
Selva Sant {Feliu} de Buixalleu
89%
Vallès Oriental Sant {Feliu} de Codines
89%
Baix Empordà Sant {Feliu} de Guíxols
89%
Baix Llobregat Sant {Feliu} de Llobregat
89%
Garrotxa Sant {Feliu} de Pallerols
89%
Bages Sant {Feliu} Sasserra
89%
Berguedà Sant {Julià} de Cerdanyola
89%
Selva Sant {Julià} del Llor i Bonmatí
89%
Gironès Sant {Julià} de Ramis
89%
Osona Sant {Julià} de Vilatorta
89%
Ripollès Sant {Pau} de Segúries
89%
Osona Sant {Quirze} de Besora
89%
Vallès Occidental Sant {Quirze} del Vallès
89%
Moianès Sant {Quirze} Safaja
89%
Bages Sant {Vicenç} de Castellet
89%
Baix Llobregat Sant {Vicenç} dels Horts
89%
Maresme Sant {Vicenç} de Montalt
89%
Osona Sant {Vicenç} de Torelló
89%
Baix Empordà Santa {Cristina} d'Aro
78%
Barcelonès Sant {Adrià} de Besòs
78%
Vallès Occidental Santa {Perpètua} de Mogoda
78%
Vallès Occidental Sant {Cugat} del Vallès
78%
Alt Penedès Sant {Cugat} Sesgarrigues
78%
Baix Llobregat Sant {Just} Desvern
78%
Osona Sant {Martí} d'Albars
78%
Osona Sant {Martí} de Centelles
78%
Gironès Sant {Martí} de Llémena
78%
Urgell Sant {Martí} de Riucorb
78%
Anoia Sant {Martí} de Tous
78%
Alt Penedès Sant {Martí} Sarroca
78%
Anoia Sant {Martí} Sesgueioles
78%
Gironès Sant {Martí} Vell
78%
Maresme Sant {Pol} de Mar
78%
Alt Penedès Sant {Sadurní} d'Anoia
78%
Osona Sant {Sadurní} d'Osormort
78%
Anoia Santa {Margarida} de Montbui
67%
Alt Penedès Santa {Margarida} i els Monjos
67%
Baix Llobregat Sant {Climent} de Llobregat
67%
Alt Empordà Sant {Climent} Sescebes
67%
Pallars Jussà Sant {Esteve} de la Sarga
67%
Vallès Oriental Sant {Esteve} de Palautordera
67%
Baix Llobregat Sant {Esteve} Sesrovires
67%
Vallès Oriental Sant {Fost} de Campsentelles
67%
Gironès Sant {Jordi} Desvalls
67%
Pla de l'Estany Sant {Miquel} de Campmajor
67%
Alt Empordà Sant {Miquel} de Fluvià
67%
Osona Santa {Cecília} de Voltregà
56%
Osona Santa {Eugènia} de Berga
56%
Vallès Oriental Sant {Antoni} de Vilamajor
56%
Maresme Sant {Cebrià} de Vallalta
56%
Vallès Oriental Sant {Celoni}
56%
Bages Sant {Fruitós} de Bages
56%
Segarra Sant {Guim} de Freixenet
56%
Segarra Sant {Guim} de la Plana
56%
Osona Sant {Hipòlit} de Voltregà
56%
Maresme Sant {Iscle} de Vallalta
56%
Berguedà Sant {Jaume} de Frontanyà
56%
Garrotxa Sant {Jaume} de Llierca
56%
Baix Penedès Sant {Jaume} dels Domenys
56%
Montsià Sant {Jaume} d'Enveja
56%
Alt Empordà Sant {Llorenç} de la Muga
56%
Solsonès Sant {Llorenç} de Morunys
56%
Alt Penedès Sant {Llorenç} d'Hortons
56%
Vallès Occidental Sant {Llorenç} Savall
56%
Bages Sant {Mateu} de Bages
56%
Alt Penedès Sant {Quintí} de Mediona
56%
Garrotxa Sant {Aniol} de Finestres
44%
Selva Sant {Hilari} Sacalm
44%
Segarra Sant {Ramon}
44%
Bages Sant {Salvador} de Guardiola
44%
Montsià Santa {Bàrbara}
33%
Osona Sant {Agustí} de Lluçanès
33%
Osona Sant {Bartomeu} del Grau
33%
Garrotxa Sant {Ferriol}
33%
Alt Empordà Sant {Mori}
33%
Alt Empordà Santa {Llogaia} d'Àlguema
22%
Baix Penedès Santa {Oliva}
22%
Gironès Sant {Gregori}
22%
No matching quizzes found
Score Distribution
Percent of People with Each Score
Percentile by Number Answered
Your Score History
You have not taken this quiz